مكتبة جامعة عجلون الوطنية

فهرس بحث المكتبة

Normal view MARC view
  • الادارة

Entry Topical Term

Number of records used in: 1

001 - CONTROL NUMBER

  • control field: 28184

003 - CONTROL NUMBER IDENTIFIER

  • control field: JO-AjAnu

005 - DATE AND TIME OF LATEST TRANSACTION

  • control field: 20230606074758.0

008 - FIXED-LENGTH DATA ELEMENTS

  • fixed length control field: 230606|| aca||aabn | a|a d

040 ## - CATALOGING SOURCE

  • Original cataloging agency: JO-AjAnu
  • Transcribing agency: JO-AjAnu

150 ## - HEADING--TOPICAL TERM

  • Topical term or geographic name entry element: الادارة

670 ## - SOURCE DATA FOUND

  • Source citation: Work cat.: (JO-AjAnu)14467: الدوري،زكريا/نجم العزاوي/بلال خلف السكارنة/شفيق شاكر العملة/محمد عبدالقادر, author 28183, مبادىء ومداخل الادارة ووظائفها في القرن الحادي والعشرين